Entrepreneurship development small business enterprises / (Record no. 201581)
[ view plain ]
| 000 -LEADER | |
|---|---|
| fixed length control field | 01254nam a2200325Ia 4500 |
| 005 - DATE AND TIME OF LATEST TRANSACTION | |
| control field | 20220627144216.0 |
| 008 - FIXED-LENGTH DATA ELEMENTS--GENERAL INFORMATION | |
| fixed length control field | 210716s2009 xx 000 0 und d |
| 020 ## - INTERNATIONAL STANDARD BOOK NUMBER | |
| International Standard Book Number | 9788177582604 |
| 040 ## - CATALOGING SOURCE | |
| Transcribing agency | AIMIT LIBRARY |
| 041 ## - LANGUAGE CODE | |
| Language code of text/sound track or separate title | eng |
| 082 ## - DEWEY DECIMAL CLASSIFICATION NUMBER | |
| Classification number | 338.04 |
| Edition number | 1 |
| Item number | CHAP |
| 100 ## - MAIN ENTRY--PERSONAL NAME | |
| Personal name | Charantimath, Poornima M. |
| 9 (RLIN) | 45442 |
| 245 ## - TITLE STATEMENT | |
| Title | Entrepreneurship development small business enterprises / |
| Statement of responsibility, etc. | By Poornima M Charantimath. |
| 250 ## - EDITION STATEMENT | |
| Edition statement | 1st ed. |
| 260 ## - PUBLICATION, DISTRIBUTION, ETC. | |
| Place of publication, distribution, etc. | New Delhi : |
| Name of publisher, distributor, etc. | Pearson Education , |
| Date of publication, distribution, etc. | 2009. |
| 300 ## - PHYSICAL DESCRIPTION | |
| Extent | xv, 523p. ; |
| Other physical details | PB : |
| Dimensions | 24.2 cm. |
| 650 ## - SUBJECT ADDED ENTRY--TOPICAL TERM | |
| Topical term or geographic name entry element | Modern Small Business Enterprises |
| 9 (RLIN) | 45443 |
| 650 ## - SUBJECT ADDED ENTRY--TOPICAL TERM | |
| Topical term or geographic name entry element | Entrepreneurship |
| 9 (RLIN) | 45444 |
| 650 ## - SUBJECT ADDED ENTRY--TOPICAL TERM | |
| Topical term or geographic name entry element | Women Entrepreneurs |
| 9 (RLIN) | 45445 |
| 650 ## - SUBJECT ADDED ENTRY--TOPICAL TERM | |
| Topical term or geographic name entry element | Institutions Supporting Small Business Enterprises |
| 9 (RLIN) | 45446 |
| 650 ## - SUBJECT ADDED ENTRY--TOPICAL TERM | |
| Topical term or geographic name entry element | Setting up a small Business Enterprise |
| 9 (RLIN) | 45447 |
| 650 ## - SUBJECT ADDED ENTRY--TOPICAL TERM | |
| Topical term or geographic name entry element | Family Business |
| 9 (RLIN) | 45448 |
| 650 ## - SUBJECT ADDED ENTRY--TOPICAL TERM | |
| Topical term or geographic name entry element | Sickness in small Enterprises |
| 9 (RLIN) | 45449 |
| 650 ## - SUBJECT ADDED ENTRY--TOPICAL TERM | |
| Topical term or geographic name entry element | Strategic Management in small Business |
| 9 (RLIN) | 45450 |
| 650 ## - SUBJECT ADDED ENTRY--TOPICAL TERM | |
| Topical term or geographic name entry element | Financial Management in small Business |
| 9 (RLIN) | 45451 |
| 650 ## - SUBJECT ADDED ENTRY--TOPICAL TERM | |
| Topical term or geographic name entry element | Marketing Management in Small Business |
| 9 (RLIN) | 45452 |
| 650 ## - SUBJECT ADDED ENTRY--TOPICAL TERM | |
| Topical term or geographic name entry element | Production Management in Small Business |
| 9 (RLIN) | 45453 |
| 650 ## - SUBJECT ADDED ENTRY--TOPICAL TERM | |
| Topical term or geographic name entry element | Human Resource Management in Small Business |
| 9 (RLIN) | 45454 |
| 942 ## - ADDED ENTRY ELEMENTS (KOHA) | |
| Source of classification or shelving scheme | Dewey Decimal Classification |
| Koha item type | Book |
| Edition | 1st |
| Call number prefix | 338.04 CHAP |
| Withdrawn status | Lost status | Source of classification or shelving scheme | Damaged status | Not for loan | Collection code | Home library | Current library | Date acquired | Cost, normal purchase price | Inventory number | Total Checkouts | Full call number | Barcode | Date last seen | Cost, replacement price | Price effective from | Koha item type |
|---|---|---|---|---|---|---|---|---|---|---|---|---|---|---|---|---|---|
| Dewey Decimal Classification | MBA | St Aloysius Institute of Management & Information Technology | St Aloysius Institute of Management & Information Technology | 10/31/2006 | 225.00 | Bill no:659; Bill dt:2006-09-26 | 338.04 CHAP | MBA04147 | 05/23/2026 | 180.00 | 07/16/2021 | Book | |||||
| Dewey Decimal Classification | MBA | St Aloysius Institute of Management & Information Technology | St Aloysius Institute of Management & Information Technology | 10/12/2009 | 285.00 | Bill no:9881; Bill dt:2009-09-24 | 338.04 CHAP | MBA06529 | 05/23/2026 | 213.75 | 07/16/2021 | Book | |||||
| Dewey Decimal Classification | MBA | St Aloysius Institute of Management & Information Technology | St Aloysius Institute of Management & Information Technology | 10/12/2009 | 285.00 | Bill no:9881; Bill dt:2009-09-24 | 338.04 CHAP | MBA06530 | 05/23/2026 | 213.75 | 07/16/2021 | Book | |||||
| Dewey Decimal Classification | MBA | St Aloysius Institute of Management & Information Technology | St Aloysius Institute of Management & Information Technology | 10/12/2009 | 285.00 | Bill no:9881; Bill dt:2009-09-24 | 338.04 CHAP | MBA06531 | 05/23/2026 | 213.75 | 07/16/2021 | Book | |||||
| Dewey Decimal Classification | Reference Book | MBA | St Aloysius Institute of Management & Information Technology | St Aloysius Institute of Management & Information Technology | 10/12/2009 | 285.00 | Bill no:9881; Bill dt:2009-09-24 | 338.04 CHAP | MBA06532 | 07/21/2025 | 213.75 | 07/16/2021 | Book | ||||
| Dewey Decimal Classification | MBA | St Aloysius Institute of Management & Information Technology | St Aloysius Institute of Management & Information Technology | 10/12/2009 | 285.00 | Bill no:9881; Bill dt:2009-09-24 | 338.04 CHAP | MBA06533 | 05/23/2026 | 213.75 | 07/16/2021 | Book | |||||
| Dewey Decimal Classification | MBA | St Aloysius Institute of Management & Information Technology | St Aloysius Institute of Management & Information Technology | 01/05/2016 | 399.00 | Bill no:21; Bill dt:2016-01-02 | 338.04 CHAP | MBA12066 | 05/23/2026 | 299.25 | 07/16/2021 | Book | |||||
| Dewey Decimal Classification | MBA | St Aloysius Institute of Management & Information Technology | St Aloysius Institute of Management & Information Technology | 01/05/2016 | 399.00 | Bill no:21; Bill dt:2016-01-02 | 338.04 CHAP | MBA12067 | 05/23/2026 | 299.25 | 07/16/2021 | Book | |||||
| Dewey Decimal Classification | MBA | St Aloysius Institute of Management & Information Technology | St Aloysius Institute of Management & Information Technology | 01/05/2016 | 399.00 | Bill no:21; Bill dt:2016-01-02 | 338.04 CHAP | MBA12068 | 05/23/2026 | 299.25 | 07/16/2021 | Book |